[Event "I Maxistral Compostela 2018"]
[Site "Santiago Compostela"]
[Date "2018.09.11"]
[Round "7"]
[White "Suarez Gomez, Julio"]
[Black "Peralta, Fernando"]
[Result "1/2-1/2"]
[WhiteElo "2446"]
[BlackElo "2569"]
[Annotator "TA"]
[PlyCount "38"]
[EventDate "2018.09.05"]
[EventType "tourn"]
[EventCountry "ESP"]
[SourceTitle "playchess.com"]
[Source "ChessBase"]
[SourceQuality "1"]

{[%evp 15,38,10,5,-1,2,-20,0,0,0,0,0,-8,-8,-8,-7,-12,-8,-4,-12,-10,-8,-34,-43,-39,-16]} 1. e4 e6 2. d4 d5 3. exd5 exd5 4. Nf3 Nf6 5. Bd3 Bd6 6. Qe2+ Be6 {C01: French: Exchange Variation} 7. Ng5 (7. c4 dxc4 8. Bxc4 Qe7 9. O-O O-O 10. Nc3 Re8 11. Bg5 h6 12. Bh4 Nbd7 13. Rfe1 Qf8 14. Bxe6 Rxe6 {0-1 (58) Carlsen,M (2832)-Grischuk,A (2750) chess.com INT 2017}) 7... Qe7 8. Nxe6 fxe6 {LiveBook: 4 Games. The position is equal.} 9. Be3 Nc6 $146 ({Predecessor:} 9... Nbd7 10. f4 c5 11. c3 O-O 12. O-O Rae8 13. g3 e5 14. dxe5 Nxe5 15. fxe5 Qxe5 {½-½ (23) Petrie,A-Ensenbach,M ICCF email 2012}) 10. Nd2 O-O 11. c4 e5 12. cxd5 ({But not} 12. c5 $2 exd4 13. cxd6 Qxd6 $19) 12... Nxd4 13. Bxd4 exd4 14. Qe6+ Kh8 {And now ...Rae8 would win.} 15. O-O Rae8 {next ...Bxh2+! is good for Black.} 16. Nf3 Qxe6 17. dxe6 Rxe6 18. Bc4 Re7 19. Rae1 Rfe8 {Precision: White = 54%, Black = 59%.} 1/2-1/2

[Event "I Maxistral Compostela 2018"]
[Site "Santiago Compostela"]
[Date "2018.09.11"]
[Round "7"]
[White "Suarez Pousa, Diego"]
[Black "Mareco, Sandro"]
[Result "0-1"]
[WhiteElo "2412"]
[BlackElo "2649"]
[Annotator "TA"]
[PlyCount "56"]
[EventDate "2018.09.05"]
[EventType "tourn"]
[EventCountry "ESP"]
[SourceTitle "playchess.com"]
[Source "ChessBase"]
[SourceQuality "1"]

{[%evp 24,56,-19,-33,-14,-20,0,-39,-22,-12,-12,-56,-81,-75,-59,-57,-47,-61,-60,-86,-81,-114,-77,-1771,-847,-1757,-1733,-1633,-1052,-1347,-1035,-1981,-1899,-2613,-2189]} 1. e4 c5 2. Nc3 e6 3. Nf3 Nc6 4. d4 cxd4 5. Nxd4 Qc7 6. Be3 a6 7. Bd3 Nf6 8. O-O Ne5 9. f4 {B48: Sizilianisch (Paulsen-Variante)} (9. h3 Bc5 10. Qe2 d6 11. Rad1 O-O 12. f4 Ng6 13. f5 Ne5 14. g4 h6 15. Nf3 exf5 16. Nxe5 dxe5 17. gxf5 b5 18. Kh2 Bb7 {1-0 (51) Dubov,D (2696)-Ding,L (2778) Liaocheng 2018}) 9... Neg4 10. Bd2 Bc5 11. Nce2 e5 12. fxe5 d5 {[%cal Bd7d5,Bd5e4][%mdl 32]} 13. Bf4 {LiveBook: 5 Partien} Nxe5 14. c3 dxe4 15. Bc2 O-O 16. Ng3 $1 Bg4 $146 ({Vorgänger:} 16... Nd5 17. Nxe4 Nxf4 18. Rxf4 {1-0 (53) Shankland,S (2368)-Marmont,B San Francisco 2008}) 17. Qd2 Nc4 18. Qf2 e3 19. Bxe3 Nd5 $36 {[%mdl 2048] Weiss steht unter Druck.} 20. Bc1 Rae8 21. Ne4 Ba7 22. h3 Bb8 {[%csl Gb8][%cal Rc7h2] [#]} 23. Qh4 $2 {[%mdl 8192]} (23. Qg3 $17 Qxg3 24. Nxg3) 23... Qh2+ $19 {Schwarz steht klar auf Gewinn.} 24. Kf2 f5 25. Ng5 h6 26. Nge6 Rf6 27. Bd3 Ne5 {[%cal Re5d3] [#]} 28. Bc2 Ng6 {Precision: Weiß = 49%, Schwarz = 86%.} 0-1

[Event "I Maxistral Compostela 2018"]
[Site "Santiago Compostela"]
[Date "2018.09.11"]
[Round "7"]
[White "Sanchez Aller, Fernando"]
[Black "Suarez Garcia, Carlos"]
[Result "1/2-1/2"]
[WhiteElo "2344"]
[BlackElo "2469"]
[Annotator "TA"]
[PlyCount "106"]
[EventDate "2018.09.05"]
[EventType "tourn"]
[EventCountry "ESP"]
[SourceTitle "playchess.com"]
[Source "ChessBase"]
[SourceQuality "1"]

{[%evp 18,106,-16,-20,0,-2,20,17,18,30,34,45,47,42,55,41,46,44,53,35,51,36,169,169,176,165,176,171,162,163,161,95,133,93,174,174,182,153,225,174,165,62,87,80,73,65,143,143,110,2,2,0,0,0,0,0,0,0,0,0,0,0,0,0,0,0,8,8,8,0,8,12,16,0,0,0,0,-5,-5,-5,-5,-5,-5,-8,-8,-8,-5,-8,-8,-8,0]} 1. e4 e6 2. d4 d5 3. Nc3 Bb4 4. e5 c5 5. a3 Bxc3+ 6. bxc3 Ne7 7. h4 Qc7 8. h5 {C18: French: 3 Nc3 Bb4: Main line: 7 h4 and 7 Qg4} h6 9. Rb1 (9. Nf3 b6 10. a4 Ba6 11. Bb5+ Bxb5 12. axb5 a5 13. bxa6 Rxa6 14. Rxa6 Nxa6 15. Qd3 Nb8 16. O-O Nd7 17. Bf4 O-O 18. Ra1 {1-0 (41) Karjakin,S (2782)-So,W (2778) Paris 2018}) 9... b6 10. Qg4 {LiveBook: 5 Games} Nf5 {White should prevent ...cxd4.} 11. Bb5+ $1 Bd7 12. Bd3 {And now Bxf5 would win.} O-O 13. Nf3 Nc6 14. Qf4 f6 15. exf6 Qxf4 16. Bxf4 Rxf6 {[%cal Rf5d4] [#]} 17. Ne5 $146 Be8 18. Nxc6 Bxc6 19. Be5 c4 (19... Rf7 $14) 20. Bxf6 $18 cxd3 21. Be5 dxc2 22. Rc1 Ba4 23. g4 Ne7 {[#]} 24. g5 $1 {[%mdl 512]} hxg5 25. h6 Nf5 (25... gxh6 $16 26. Rxh6 Rf8) 26. hxg7 Nxg7 27. Rh6 {Threatens to win with Rg6.} Kf7 (27... Rf8 $16 28. Rg6 Rf7 29. Rxg5 Bb3) 28. Kd2 {[%mdl 1024] Hoping for Rch1. White has strong compensation.} Nf5 29. Rf6+ (29. Rh7+ $18 Kg6 30. Rch1) 29... Ke7 $14 30. Rh1 Nh4 31. Kc1 {f4 is the strong threat.} Rf8 (31... Rh8 $14 32. Rxe6+ Kxe6 33. Bxh8 Nf3) 32. Rxf8 $16 Kxf8 {[%mdl 4096] Endgame KRB-KBN} 33. f4 ({White should try} 33. Rg1 $16) 33... Nf3 $11 {The position is equal.} 34. fxg5 Nxg5 35. Rh8+ Kf7 36. Bg3 Ne4 37. Be1 a5 38. Rb8 b5 39. Rb6 Kf6 40. Ra6 Kf5 41. Rxa5 Nd6 42. Ra8 Nc4 43. Bd2 Ke4 44. Rh8 e5 45. Rh4+ Kf3 46. dxe5 Nxe5 {[%cal Re5d3]} 47. Rd4 $132 {[%mdl 2048] Strongly threatening Bh6. White is fighting back} Ke2 48. Rxd5 Nd3+ 49. Rxd3 Kxd3 50. Be1 Bb3 51. Kb2 $1 Ke2 52. Bh4 Kd1 53. Bg5 Bg8 {Precision: White = 77%, Black = 44%.} 1/2-1/2

[Event "I Maxistral Compostela 2018"]
[Site "Santiago Compostela"]
[Date "2018.09.12"]
[Round "8"]
[White "Mareco, Sandro"]
[Black "Suarez Gomez, Julio"]
[Result "1-0"]
[WhiteElo "2649"]
[BlackElo "2446"]
[Annotator "TA"]
[PlyCount "59"]
[EventDate "2018.09.05"]
[EventType "tourn"]
[EventCountry "ESP"]
[SourceTitle "playchess.com"]
[Source "ChessBase"]
[SourceQuality "1"]

{[%evp 22,59,28,39,32,18,19,32,37,33,149,144,160,148,148,154,157,148,153,154,209,213,626,612,835,831,931,922,926,925,908,875,1025,1030,941,1013,939,962,966,836]} 1. c4 e6 2. Nf3 Nf6 3. b3 d5 4. Bb2 Be7 5. e3 b6 6. Nc3 Bb7 7. cxd5 exd5 8. d4 O-O 9. Bd3 c5 10. O-O Nbd7 11. Rc1 Rc8 12. Qe2 {LiveBook: 12 Games. E14: Queen's Indian: Classical Variation (4 e3)} Bd6 13. Rfd1 Qe7 14. Ba6 {The position is equal.} Bxa6 15. Qxa6 c4 $146 {[#]} (15... Qe6 $14) ({Predecessor:} 15... cxd4 16. Rxd4 Nc5 17. Qf1 Qb7 {1-0 (52) Nikolaidis,I (2512)-Muller,A (2135) Cannes 2000}) 16. Nb5 $1 $16 (16. Qxa7 $6 Ra8 $11) 16... Ne4 17. bxc4 ({Avoid the trap} 17. Nxa7 $2 Ra8 $19) 17... dxc4 18. Nxd6 ({Not} 18. Nxa7 Ra8 $17) 18... Nxd6 19. Ba3 ({Don't go for} 19. Qxa7 $2 Ra8 $19) 19... Nb8 {[#]} 20. Qa4 $1 a6 (20... Rfd8 $16 {might work better.}) 21. Qb4 $18 Rc6 $2 (21... Rfd8 22. Qxb6 Qd7) 22. Ne5 {White is clearly winning.} Rfc8 23. Nxc6 Rxc6 24. d5 Rc5 25. Qxb6 Nd7 26. Qxa6 h5 27. Bxc5 Nxc5 28. Qc6 Nd3 29. Rxc4 Ne5 30. Qa8+ {Precision: White = 83%, Black = 28%.} 1-0

[Event "I Maxistral Compostela 2018"]
[Site "Santiago Compostela"]
[Date "2018.09.12"]
[Round "8"]
[White "Reinaldo Castineira, Roi"]
[Black "Sanchez Aller, Fernando"]
[Result "1/2-1/2"]
[WhiteElo "2493"]
[BlackElo "2344"]
[Annotator "TA"]
[PlyCount "102"]
[EventDate "2018.09.05"]
[EventType "tourn"]
[EventCountry "ESP"]
[SourceTitle "playchess.com"]
[Source "ChessBase"]
[SourceQuality "1"]

{[%evp 21,102,-10,0,-32,-18,-35,-18,-93,-96,-118,-33,-70,-60,-72,-62,-95,-85,-134,-149,-153,-153,-189,-172,-164,-179,-314,-339,-324,-333,-383,-251,-333,-299,-327,-333,-601,-610,-547,-321,-309,-309,-330,-337,-424,-423,-399,-375,-540,-540,-672,-510,-940,-372,-583,-579,-577,-576,-624,-517,-482,-311,-304,-296,-274,-91,-189,0,-29993,0,-29994,0,-29986,0,-29994,0,-29986,0,-29994,0,-29971,0,-29994,0]} 1. d4 Nf6 2. Nf3 g6 3. Nc3 d5 4. Bf4 Bg7 5. e3 O-O 6. Be2 c6 7. O-O Bg4 8. h3 Bxf3 9. Bxf3 Nbd7 10. a4 Re8 {D00: 1 d4 d5: Unusual lines} 11. a5 e5 {LiveBook: 5 Games} 12. dxe5 Nxe5 {Black is slightly better.} 13. Be2 {[#]} b5 $146 ({Predecessor:} 13... Qe7 14. Re1 b5 15. axb6 axb6 16. Bf1 Nh5 17. Bh2 b5 18. Rxa8 Rxa8 19. Bxe5 Bxe5 {0-1 (50) Philippe,C (2422)-Istratescu,A (2623) Mulhouse 2011}) 14. a6 (14. axb6 $11 {keeps the balance.} axb6 15. Rxa8 Qxa8 16. Qb1) 14... Nfd7 $17 15. Ra2 Nb6 (15... Nc5 $17 16. b3 Ned7) 16. b3 Ned7 17. Nb1 Nc5 18. Qe1 d4 $36 {[%mdl 2048] Black is on the roll.} 19. Bf3 Nd5 20. Bxd5 Qxd5 ({Much weaker is} 20... cxd5 $6 21. Qb4 $11) 21. Qd2 Rad8 22. exd4 Bxd4 {aiming for ...Ne4.} 23. c3 (23. Qc1 $142) 23... Nxb3 $19 24. Qc2 Bb6 25. Na3 {If only White now had time for c4....} Na5 26. c4 bxc4 {[%cal Bb5c4,Bc4c3][%mdl 32]} ({Resist} 26... Nxc4 27. Nxc4 bxc4 28. Rb2 $19) 27. Qc3 Bd4 28. Qb4 $2 (28. Qc2) 28... c3 29. Qb1 Qe4 30. Qxe4 Rxe4 31. Bc7 Rd5 32. Nc2 Nb3 33. Rb1 Nd2 34. Rb8+ (34. Rc1 {might work better.} c5 35. Ne3) 34... Kg7 35. Ba5 Be5 36. Rb7 {[#]} (36. Re8 $142 Nc4 37. Rxe5 Nxe5 38. Bxc3) 36... Rb5 $2 (36... Nb3 $1 {[%mdl 512] ( -> ...Rd1+)} 37. f3 (37. Rxb3 Rd1+) 37... Re2 38. Bxc3 Bxc3) 37. f3 (37. Bb4 $142) 37... Re2 38. Rxb5 cxb5 39. Bb6 b4 (39... axb6 $2 40. a7 $19) 40. Nxb4 axb6 41. a7 Bd4+ 42. Kh2 Nf1+ 43. Kh1 {[#]} Re1 $2 ({Black should try} 43... Re8 $1 $19 {[%cal Re8a8] And now ...Ra8 would win.} 44. a8=Q Rxa8 45. Rxa8 Ne3) 44. a8=Q $4 {[%mdl 8192]} (44. Nc2 $11 Ng3+ 45. Kh2 Nf1+ 46. Kh1 Ng3+ 47. Kh2 Nf1+ 48. Kh1) 44... Ng3+ 45. Kh2 Nf1+ 46. Kh1 Ng3+ 47. Kh2 Nf1+ 48. Kh1 Ng3+ 49. Kh2 Nf1+ 50. Kh1 {With the idea h4.} Ng3+ 51. Kh2 {[#]} Nf1+ $2 {Precision: White = 17%, Black = 45%.} (51... Be5 $1 {mates} 52. Ra1 Ne4+ 53. f4 Bxf4+ 54. g3 Re2+ 55. Kh1 Nxg3+ 56. Kg1 Be3#) 1/2-1/2

[Event "I Maxistral Compostela 2018"]
[Site "Santiago Compostela"]
[Date "2018.09.12"]
[Round "8"]
[White "Suarez Garcia, Carlos"]
[Black "Manolache, Marius"]
[Result "0-1"]
[WhiteElo "2469"]
[BlackElo "2508"]
[Annotator "TA"]
[PlyCount "70"]
[EventDate "2018.09.05"]
[EventType "tourn"]
[EventCountry "ESP"]
[SourceTitle "playchess.com"]
[Source "ChessBase"]
[SourceQuality "1"]

{[%evp 12,70,61,28,33,31,37,31,37,31,33,34,36,34,50,39,40,43,50,39,64,65,87,92,108,77,81,90,108,73,96,88,90,60,57,-125,-136,-154,-60,-187,-203,-278,-287,-372,-369,-586,-623,-745,-753,-742,-743,-812,-747,-856,-879,-861,-866,-1103,-1129,-1112,-1078]} 1. e4 d6 2. d4 Nf6 3. Nc3 g6 4. Be3 c6 5. a4 a5 (5... Bg7 6. h3 O-O 7. Nf3 Nbd7 8. Be2 e5 9. dxe5 dxe5 10. Nd2 Qe7 11. Nc4 Ne8 12. O-O Nc5 13. Nd6 Ne6 14. Nxc8 Rxc8 15. Bxa7 Rd8 16. Qc1 Nd6 17. Re1 f5 18. exf5 gxf5 19. Bf1 e4 {0-1 (68) Griffith,K (2319)-Zherebukh,Y (2642) New York 2017}) 6. h3 {B07: Pirc Defence: Miscellaneous Systems} Bg7 7. g4 {[%cal Bg2g4,Bg4g5][%mdl 32] LiveBook: 8 Games} Na6 8. Nge2 {White is slightly better.} h5 9. g5 Nd7 10. Bg2 Nb6 11. b3 $146 ({Predecessor:} 11. O-O d5 12. Re1 O-O 13. b3 dxe4 14. Nxe4 {0-1 (41) Praczukowski,S (1962)-Halak,M (2234) Krakow 2014}) 11... d5 12. e5 Bf5 13. O-O Nb4 14. Rc1 h4 15. Qd2 Nd7 16. f4 Rc8 17. Nd1 e6 18. Nf2 Bf8 19. c3 Na6 20. Rfd1 Ba3 21. Ra1 Be7 22. Bf3 Qb6 23. c4 $2 (23. Bg4 $14 {keeps the upper hand.}) 23... Qxb3 $17 {White must now prevent ...Bb4.} 24. c5 {[#]} Nb4 ({Black should play} 24... b6 $1 $17 {[%cal Rb6c5]} 25. cxb6 Nxb6) 25. Nc1 (25. Bg4 $15 Qc2 26. Bxf5 Qxf5 27. Rab1) 25... Qc2 $19 26. Qe1 {[#]} b6 $1 {[%cal Bb7b6,Bb6c5][%mdl 32]} 27. Be2 bxc5 28. Ncd3 (28. dxc5 {was called for.} Nxc5 29. Bf1) 28... c4 {Black is clearly winning.} 29. Rdc1 cxd3 30. Bf1 Qb2 31. Nd1 {[#]} d2 $1 32. Bxd2 (32. Qxd2 Qxd2) 32... Qxd4+ 33. Be3 Nc2 34. Rxc2 Qxa1 35. Rc1 Qxa4 {Precision: White = 40%, Black = 55%.} 0-1

[Event "I Maxistral Compostela 2018"]
[Site "Santiago Compostela"]
[Date "2018.09.12"]
[Round "8"]
[White "Starostits, Ilmars"]
[Black "Peralta, Fernando"]
[Result "1-0"]
[WhiteElo "2449"]
[BlackElo "2569"]
[Annotator "TA"]
[PlyCount "90"]
[EventDate "2018.09.05"]
[EventType "tourn"]
[EventCountry "ESP"]
[SourceTitle "playchess.com"]
[Source "ChessBase"]
[SourceQuality "1"]

{[%evp 16,90,0,-14,-9,-6,0,0,0,-22,-8,0,-16,-28,-21,-19,-22,-88,-88,-112,-108,-110,-114,-110,-110,-154,-158,-160,-142,-144,-147,-173,-182,-150,-39,-38,-38,-37,-33,-65,-65,-77,-77,-143,-152,-143,-141,-135,-143,-134,-128,-170,-167,-170,-178,-175,-165,-165,-183,-181,-187,-222,-220,-256,-250,-271,-268,-311,-298,-972,-957,-29966,-29965,-29988,-29983,-29991,-29992]} 1. d4 Nf6 2. Nf3 d5 3. Bf4 c5 4. e3 Nc6 5. c3 e6 6. Nbd2 Be7 7. Ne5 Nxe5 {D02: 1 d4 d5 2 Nf3 sidelines, including 2...Nf6 3 g3 and 2...Nf6 3 Bf4} (7... O-O 8. Bd3 Bd6 9. Ndf3 Qc7 10. h4 Ne4 11. Qc2 f6 12. Nxc6 Bxf4 13. exf4 Qxc6 14. dxc5 f5 15. b4 Qc7 16. Ne5 {0-1 (34) Wei,Y (2729)-So,W (2780) chess.com INT 2018}) 8. dxe5 Nd7 9. Bd3 {LiveBook: 8 Games} Qc7 {The position is equal.} 10. Nf3 b6 11. h4 h6 12. e4 $146 ({Predecessor:} 12. Qe2 Bb7 13. h5 O-O-O 14. O-O Rdg8 15. e4 {1-0 (54) Danielsson,G-Bogoljubow,E Sopot 1935}) 12... Bb7 13. exd5 Bxd5 14. c4 Bb7 15. Qe2 O-O-O 16. h5 (16. Bg3 $11 {remains equal.}) 16... Bxf3 $17 17. gxf3 {[#]} Bf6 $1 $36 {[%mdl 2560] Keeping White busy.} 18. exf6 Qxf4 19. fxg7 Rhg8 {White must now prevent ...Ne5.} 20. Qe3 ({Not} 20. Rg1 $2 Ne5 $19) 20... Ne5 {[%cal Bd7e5,Be5c6,Bc6d4][%mdl 1056] Black has strong compensation.} 21. Be2 {[%cal Bd3e2,Be2f3,Bf3e4][%mdl 32]} Qf6 $1 ({Reject} 21... Qxe3 $6 22. fxe3 Rxg7 23. f4 $11) 22. Qe4 {Strongly threatening f4.} Kc7 $1 23. f4 Nc6 $1 24. Bf3 {[#]} Rd6 (24... Na5 $1 $17 25. Qe5+ Qxe5+ 26. fxe5 Nxc4) 25. Rd1 $15 Rxd1+ 26. Kxd1 Qd4+ 27. Kc1 Qxe4 28. Bxe4 {[%mdl 4096] Endgame KRB-KRN} Nd4 29. f5 ({White should try} 29. Kd2) 29... exf5 $17 30. Bd5 Rxg7 31. Kd2 Kd6 32. Re1 Ne6 33. Ke3 Rg5 34. Rd1 {[#]} Ke7 $1 35. Rh1 Kf6 36. a3 Rg4 37. b4 Rd4 38. bxc5 f4+ {[%cal Bf5f4,Bf4f3][%mdl 32]} 39. Ke2 {next cxb6 is good for White.} Nxc5 40. Rg1 {[#]} b5 $1 {[%cal Bb6b5,Bb5c4][%mdl 544]} 41. Rd1 (41. cxb5 Rxd5) 41... Ke5 42. Bxf7 $2 {[#]} (42. Rc1) 42... f3+ $1 $19 {[%mdl 512]} 43. Ke1 (43. Kxf3 Rxd1) 43... Nd3+ {Black mates.} 44. Kf1 bxc4 45. Bg6 Rh4 {[%mdl 32768] Precision: White = 36%, Black = 82%. . Loss on Time!?} 1-0

[Event "I Maxistral Compostela 2018"]
[Site "Santiago Compostela"]
[Date "2018.09.12"]
[Round "8"]
[White "Medarde Santiago, Luis Marcos"]
[Black "Suarez Pousa, Diego"]
[Result "1-0"]
[WhiteElo "2341"]
[BlackElo "2412"]
[Annotator "TA"]
[PlyCount "107"]
[EventDate "2018.09.05"]
[EventType "tourn"]
[EventCountry "ESP"]
[SourceTitle "playchess.com"]
[Source "ChessBase"]
[SourceQuality "1"]

{[%evp 20,107,86,79,91,76,111,97,148,132,144,150,145,145,145,145,156,147,163,156,157,149,154,141,236,239,227,235,243,235,265,0,196,0,238,255,250,231,242,238,237,229,241,230,264,277,279,277,272,243,237,239,241,227,253,251,231,213,259,239,315,322,326,333,345,350,381,389,380,363,490,487,524,425,418,407,521,514,817,812,975,920,1385,1349,1531,1406,1234,993,1681,1661]} 1. e4 e5 2. Nf3 d6 3. d4 Nd7 4. Bc4 c6 5. O-O Be7 6. dxe5 dxe5 7. Ng5 Bxg5 8. Qh5 Qe7 9. Qxg5 Ngf6 {C41: Philidor Defence} (9... Qxg5 10. Bxg5 Nc5 11. f3 Be6 12. Nd2 b5 13. Be3 bxc4 14. Bxc5 Nf6 15. b3 Nd7 16. Bd6 O-O-O 17. Nxc4 Bxc4 18. bxc4 {1-0 (28) Ni,H (2704)-Zhang,P (2640) Beijing 2008}) 10. b3 O-O 11. a4 {LiveBook: 3 Games} Re8 {White is better.} 12. Ba3 Nc5 $146 ({Predecessor:} 12... c5 13. Nc3 Nf8 14. Rad1 b6 15. Rd3 h6 16. Qg3 Bb7 17. Re1 {1-0 (66) Gaponenko,I (2422)-Juergens,V (2310) Stockholm 2008}) 13. Qe3 Nfd7 ({Black should try} 13... b6) 14. a5 $16 Rb8 15. Nc3 b5 16. axb6 $1 axb6 17. Na4 Qd6 18. f3 $36 {[%mdl 2048] White is in control.} Qd4 19. Qxd4 exd4 {[#]} 20. Nxc5 $1 bxc5 21. Bc1 Nb6 (21... Ne5 $16) 22. Bf4 $18 Rb7 23. Ba6 Rd7 24. Bd3 Rb7 25. Ba6 Rd7 $1 26. Bd3 Rb7 $1 27. Bd6 Nd7 28. Ra5 Ne5 29. Bxe5 ({Not} 29. Rxc5 Nxd3 30. cxd3 Rxb3 $14) 29... Rxe5 30. f4 Re8 31. Rxc5 Rb6 32. Ra1 Kf8 33. Ra4 Rd8 34. Rcc4 Ba6 35. Rxd4 Rxd4 36. Rxd4 Bxd3 37. Rxd3 {[%mdl 4096] Endgame KR-KR} ({But not} 37. cxd3 $6 Rxb3 38. Rd6 Rc3 $16) 37... Rb4 38. Re3 Rd4 39. Kf2 Rd2+ 40. Re2 Rd1 41. Ke3 Ke7 42. Rd2 Rh1 43. g3 h5 44. Kd4 Kd6 45. e5+ Kd7 46. Ke4+ Ke7 47. h4 Rg1 48. Rd3 {White is clearly winning.} g6 (48... f6 $142 49. exf6+ Kxf6 50. Rd6+ Ke7) 49. Kd4 Rg2 50. c4 Kd7 51. Kc5+ Kc7 52. b4 Rg1 53. Ra3 Kb7 54. Kd6 {Precision: White = 87%, Black = 37%.} 1-0

[Event "I Maxistral Compostela 2018"]
[Site "Santiago Compostela"]
[Date "2018.09.13"]
[Round "9"]
[White "Peralta, Fernando"]
[Black "Mareco, Sandro"]
[Result "1/2-1/2"]
[WhiteElo "2569"]
[BlackElo "2649"]
[Annotator "TA"]
[PlyCount "46"]
[EventDate "2018.09.05"]
[EventType "tourn"]
[EventCountry "ESP"]
[SourceTitle "playchess.com"]
[Source "ChessBase"]
[SourceQuality "1"]

{[%evp 33,40,0,0,0,0,0,0,0,0]} 1. d4 Nf6 2. c4 c5 3. d5 e6 4. Nc3 exd5 5. cxd5 d6 6. e4 g6 7. Bd3 Bg7 8. h3 O-O 9. Nf3 {[%cal Bg1f3,Bf3d2,Bd2c4][%mdl 32]} b5 10. Bxb5 Nxe4 11. Nxe4 Qa5+ 12. Nfd2 Qxb5 13. Nxd6 Qa6 14. N2c4 Nd7 15. O-O Ne5 16. Nxe5 {A70: Modern Benoni: 6 e4 g6 7 Nf3} Qxd6 (16... Bxe5 17. Nxc8 Raxc8 18. Qf3 Rfe8 19. Rd1 c4 20. Rb1 Qxa2 21. Bh6 Bxb2 22. d6 c3 23. Rxb2 Qxb2 24. d7 c2 25. Rc1 Red8 26. dxc8=Q Rxc8 27. Qe3 a5 28. Re1 Qb5 29. Qd4 {1-0 (29) Wang,Y (2690)-Kuybokarov,T (2472) chess.com INT 2018}) 17. Nc6 Bb7 {LiveBook: 8 Games. The position is equal.} 18. Qf3 Bxc6 19. dxc6 {[#] Threatens to win with Bf4.} Rac8 20. Rb1 Qxc6 {Predecessor:} 21. Qxc6 $146 Rxc6 22. b3 c4 23. bxc4 Rxc4 {½-½ (33) Heuser,P (2132)-Grothe,T (2195) Baden 2012} 1/2-1/2

[Event "I Maxistral Compostela 2018"]
[Site "Santiago Compostela"]
[Date "2018.09.13"]
[Round "9"]
[White "Manolache, Marius"]
[Black "Reinaldo Castineira, Roi"]
[Result "1-0"]
[WhiteElo "2508"]
[BlackElo "2493"]
[Annotator "TA"]
[PlyCount "83"]
[EventDate "2018.09.05"]
[EventType "tourn"]
[EventCountry "ESP"]
[SourceTitle "playchess.com"]
[Source "ChessBase"]
[SourceQuality "1"]

{[%evp 21,83,0,3,-26,0,0,0,0,-5,0,0,0,0,-7,59,50,52,23,104,98,107,106,106,95,102,113,219,225,202,197,252,249,224,112,131,128,127,61,594,596,552,601,688,688,1286,581,581,581,581,581,581,581,581,581,2941,2870,2142,1421,29987,29988,29988,29989,29990,29991]} 1. d4 e6 2. Nf3 Nf6 3. e3 d5 4. c4 a6 5. Nc3 dxc4 6. a4 c5 7. Bxc4 Nc6 8. O-O Be7 9. Qe2 O-O 10. Rd1 Qc7 11. h3 Rd8 {LiveBook: 77 Games} 12. Ba2 {D27: Queen's Gambit Accepted: Classical main line: 7 e4!? and 7 a4} b6 13. d5 exd5 14. Bxd5 {The position is equal.} Nxd5 15. Nxd5 Qb7 16. e4 {[%cal Be3e4,Be4d5,Bd5d6][%mdl 32]} Be6 17. Bf4 Bxd5 (17... Rd7 $11) 18. exd5 $14 Nb4 $146 ({Predecessor:} 18... Nd4 19. Nxd4 cxd4 20. Rxd4 {1-0 (33) Orlov,G (2515)-Gunawan,R (2315) New York 1994}) 19. d6 Bf6 (19... Bf8 $1 $11) 20. Be5 $16 Bxe5 21. Nxe5 {And now d7 would win.} Nc6 22. Qf3 Na5 23. Rd5 {Strongly threatening d7.} Nc6 (23... f6 $16) 24. Nxc6 $18 Qxc6 25. Re1 $1 Re8 (25... Rf8 $142 26. a5 Rad8) 26. Rxe8+ Rxe8 {[%mdl 4096] Endgame [#] KQR-KQR} 27. a5 $1 {[%mdl 512]} Rd8 $16 (27... bxa5 28. Re5) 28. axb6 $1 Qxb6 {[#]} 29. Qe3 (29. Qe2 $1 $16) 29... g6 $2 {[%mdl 8192] [#]} (29... Qxb2 $14 30. Qxc5 Qb5) 30. Qe7 $1 $18 Kg7 31. h4 h5 32. Rd3 Qxb2 33. Rf3 (33. Qxd8 $142 Qb1+ 34. Kh2 Qxd3 35. Qc7) 33... Rf8 34. d7 Qa1+ 35. Kh2 Qd4 36. g3 Qd5 37. Rf6 Rb8 38. Rd6 Qf3 39. Qe5+ f6 40. Qe7+ {White mates.} Kh6 41. Rxf6 Qd5 42. Rf7 {Precision: White = 71%, Black = 38%.} 1-0

[Event "I Maxistral Compostela 2018"]
[Site "Santiago Compostela"]
[Date "2018.09.13"]
[Round "9"]
[White "Suarez Gomez, Julio"]
[Black "Medarde Santiago, Luis Marcos"]
[Result "1/2-1/2"]
[WhiteElo "2446"]
[BlackElo "2341"]
[Annotator "TA"]
[PlyCount "22"]
[EventDate "2018.09.05"]
[EventType "tourn"]
[EventCountry "ESP"]
[SourceTitle "playchess.com"]
[Source "ChessBase"]
[SourceQuality "1"]

{[%evp 15,22,-6,13,-1,-5,0,0,-46,-39]} 1. e4 c5 2. Nf3 g6 3. Bc4 Bg7 4. O-O d6 (4... Nc6 5. d3 e6 6. c3 Nge7 7. Nbd2 O-O 8. Re1 d5 9. Bb3 b6 10. Nf1 d4 11. c4 e5 12. Ng3 h6 {1-0 (36) Artemiev,V (2692)-Morozevich,A (2676) Sochi 2017}) 5. d3 Nf6 6. Nbd2 {B27: Sicilian: 2 Nf3, unusual Black 2nd moves} Nc6 7. Bb3 O-O 8. c3 e5 {LiveBook: 6 Games} 9. a4 h6 10. Nc4 Be6 11. Nfd2 $146 ({Predecessor:} 11. Re1 b6 12. Bd2 Qd7 13. Bc2 Qc7 14. Ne3 d5 {½-½ (25) Smirnov,A (2112)-Parligras,C (2239) Benidorm 2014}) 11... d5 1/2-1/2